[Event "DEM U12/U12w 2010"]
[Site "Oberhof GER"]
[Date "2010.05.28"]
[Round "9"]
[White "Sabirov, Ramil"]
[Black "Kempe, Anne"]
[Result "0-1"]
[Termination "normal"]
[Board "24"]
[WhiteElo "1584"]
[BlackElo "1369"]
[PlyCount "110"]
[WhiteFideId "12900303"]
[BlackFideId "12918083"]
[EventCountry "GER"]
[EventRounds "11"]
[EventType "swiss"]
[EventDate "2010.05.22"]

1. e4 c5 2. Nf3 d6 3. Bb5+ Nc6 4. Bxc6+ bxc6 5. O-O g6 6. c3 e5 7. d3 Bg7 8.
Nbd2 Ne7 9. Nc4 O-O 10. Be3 h6 11. Qd2 Kh7 12. Rad1 f5 13. Rfe1 f4 14. Bxc5
dxc5 15. Ncxe5 Bxe5 16. Nxe5 Be6 17. Qc2 Qc7 18. d4 cxd4 19. cxd4 Rac8 20. Rc1
Bd7 21. b3 Qd6 22. Qc3 Be6 23. Nc4 Bxc4 24. bxc4 Rfd8 25. Rcd1 c5 26. d5 g5 27.
e5 Qg6 28. Qa5 Qb6 29. Qxb6 axb6 30. d6 Nf5 31. d7 Rc6 32. e6 Ne7 33. Re5 Kg6
34. g3 fxg3 35. hxg3 Kf6 36. Rde1 Rd6 37. Kg2 Rd2 38. a3 Rd4 39. R1e4 Rxe4 40.
Rxe4 Nf5 41. f4 Ke7 42. g4 Nd6 43. Re1 gxf4 44. Kf3 Nxc4 45. Kxf4 Nxa3 46. Re4
b5 47. Kf5 c4 48. Ke5 c3 49. Rf4 Rg8 50. Rf7+ Kd8 51. Rf3 b4 52. Rf4 c2 53.
Rxb4 c1=Q 54. Rb8+ Ke7 55. Rxg8 Qe3+ 0-1

[Event "DEM U12/U12w 2010"]
[Site "Oberhof GER"]
[Date "2010.05.28"]
[Round "9"]
[White "Knorre, Jonas"]
[Black "Kasel, Ronaldo"]
[Result "0-1"]
[Termination "normal"]
[Board "25"]
[WhiteElo "1733"]
[BlackElo "1575"]
[PlyCount "66"]
[WhiteFideId "24696900"]
[BlackFideId "24660949"]
[EventCountry "GER"]
[EventRounds "11"]
[EventType "swiss"]
[EventDate "2010.05.22"]

1. e4 e5 2. Nf3 Nc6 3. Bc4 Bc5 4. c3 Nf6 5. d4 exd4 6. O-O Nxe4 7. cxd4 Bb4 8.
d5 Ne7 9. Qd4 Nf6 10. a3 Ba5 11. Bg5 Bb6 12. Qc3 Ng6 13. Re1+ Kf8 14. d6 h6 15.
Bh4 cxd6 16. Qb3 Nxh4 17. Nxh4 d5 18. Bd3 d6 19. Bb5 Ne4 20. Qxd5 Bxf2+ 21. Kf1
Bxe1 22. Ng6+ fxg6 23. Qxe4 Ba5 24. b4 Bb6 25. Ra2 Qf6+ 26. Ke1 Qe5 27. Re2
Qxe4 28. Rxe4 Bf5 29. Rf4 Ke7 30. Nc3 Rac8 31. Nd5+ Ke6 32. Nxb6 axb6 33. g4
Bc2 0-1

[Event "DEM U12/U12w 2010"]
[Site "Oberhof GER"]
[Date "2010.05.28"]
[Round "9"]
[White "Lemke, Berfîn"]
[Black "Scholz, Robert"]
[Result "1/2-1/2"]
[Termination "normal"]
[Board "26"]
[WhiteElo "1318"]
[BlackElo "1599"]
[PlyCount "52"]
[WhiteFideId "1270578"]
[BlackFideId "1270301"]
[EventCountry "GER"]
[EventRounds "11"]
[EventType "swiss"]
[EventDate "2010.05.22"]

1. e4 e5 2. Nf3 Nc6 3. Bc4 Bc5 4. d3 Nf6 5. Nc3 d6 6. Bg5 h6 7. Be3 Bb6 8. Qd2
Bd7 9. O-O Qe7 10. Ne2 O-O 11. Ng3 Kh7 12. Nf5 Bxf5 13. exf5 d5 14. Bxb6 axb6
15. Bb3 Qd7 16. Nh4 Rfe8 17. Rfe1 Nd4 18. Qc3 c5 19. Rad1 Nxf5 20. Nf3 d4 21.
Qd2 e4 22. dxe4 Nxe4 23. Qd3 Nfd6 24. c3 Qb5 25. Qxb5 Nxb5 26. cxd4 Nxd4
1/2-1/2

[Event "DEM U12/U12w 2010"]
[Site "Oberhof GER"]
[Date "2010.05.28"]
[Round "9"]
[White "Altstadt, Karl-Simon"]
[Black "Schmekel, Florian"]
[Result "1/2-1/2"]
[Termination "normal"]
[Board "27"]
[WhiteElo "1401"]
[BlackElo "1523"]
[PlyCount "120"]
[WhiteFideId "24696676"]
[BlackFideId "12913456"]
[EventCountry "GER"]
[EventRounds "11"]
[EventType "swiss"]
[EventDate "2010.05.22"]

1. e4 c5 2. Nf3 Nc6 3. d4 cxd4 4. Nxd4 g6 5. Nc3 Bg7 6. Be3 Nf6 7. Bc4 O-O 8.
Bb3 d6 9. f3 Bd7 10. Qd2 a5 11. O-O Ne5 12. Rfd1 a4 13. Bd5 Nxd5 14. Nxd5 Nc4
15. Qb4 Nxe3 16. Nxe3 b5 17. Kh1 Qb6 18. Nd5 Qd8 19. Rac1 Rb8 20. Qe1 Bh6 21.
Rb1 Rc8 22. Qh4 Bg7 23. Qxe7 Kh8 24. Qxd8 Rfxd8 25. Nb6 Rb8 26. Nxd7 Rxd7 27.
c3 b4 28. Nc6 Rb6 29. Nxb4 Rdb7 30. h3 a3 31. b3 Rb5 32. Rxd6 Bxc3 33. Nd5 Bb2
34. Rd8+ Kg7 35. g4 Rxb3 36. axb3 a2 37. Rd1 Rxb3 38. Ra8 a1=Q 39. Rdxa1 Bxa1
40. Rxa1 Rxf3 41. Kg2 Rd3 42. Ra8 Rd4 43. Re8 f5 44. Re7+ Kh6 45. Nf6 fxg4 46.
hxg4 Kg5 47. e5 h5 48. gxh5 gxh5 49. Rg7+ Kf5 50. Nxh5 Kxe5 51. Rg5+ Ke6 52.
Kf3 Ra4 53. Nf4+ Kd6 54. Rd5+ Kc6 55. Rd3 Kb5 56. Ke3 Rc4 57. Ne2 Rh4 58. Kd2
Kb4 59. Kc2 Rc4+ 60. Kb2 Kc5 1/2-1/2

[Event "DEM U12/U12w 2010"]
[Site "Oberhof GER"]
[Date "2010.05.28"]
[Round "9"]
[White "Scheinhütte, Jakob"]
[Black "Bardosch, Karl"]
[Result "1/2-1/2"]
[Termination "normal"]
[Board "28"]
[WhiteElo "1582"]
[BlackElo "1450"]
[PlyCount "81"]
[WhiteFideId "24693944"]
[BlackFideId "24696480"]
[EventCountry "GER"]
[EventRounds "11"]
[EventType "swiss"]
[EventDate "2010.05.22"]

1. e4 c5 2. Nf3 d6 3. d4 cxd4 4. Nxd4 Nf6 5. Nc3 a6 6. Be3 e6 7. f3 Be7 8. Qd2
O-O 9. Bd3 b5 10. a3 Bb7 11. O-O Nbd7 12. a4 b4 13. Nce2 a5 14. Nb5 Nc5 15. Bc4
d5 16. exd5 Bxd5 17. Bxd5 Nxd5 18. Bd4 Qd7 19. Rfd1 Rfd8 20. Kh1 Nc7 21. Qe1
Qc6 22. Qg3 e5 23. Nxc7 exd4 24. Nxa8 Rxa8 25. Nxd4 Qf6 26. b3 Bd6 27. Qf2 Be5
28. Rac1 Ne4 29. Qg1 Nc3 30. Rd3 Bxd4 31. Qxd4 Qxd4 32. Rxd4 Ne2 33. Rcd1 Nxd4
34. Rxd4 h6 35. Kg1 Rc8 36. Rc4 Ra8 37. Rc5 Kf8 38. Kf2 Ke7 39. Rb5 Rc8 40.
Rxa5 Rxc2+ 41. Kg3 1/2-1/2

[Event "DEM U12/U12w 2010"]
[Site "Oberhof GER"]
[Date "2010.05.28"]
[Round "9"]
[White "Röhlich, Philipp"]
[Black "Bohnert, Dominik"]
[Result "0-1"]
[Termination "normal"]
[Board "29"]
[WhiteElo "1690"]
[BlackElo "1370"]
[PlyCount "102"]
[WhiteFideId "24692832"]
[BlackFideId "12918075"]
[EventCountry "GER"]
[EventRounds "11"]
[EventType "swiss"]
[EventDate "2010.05.22"]

1. e4 e5 2. Nf3 Nc6 3. Bc4 Bc5 4. c3 Nf6 5. b4 Bb6 6. d3 d6 7. a4 a6 8. Nbd2
O-O 9. O-O Bg4 10. Bb3 h6 11. Nc4 Ba7 12. Ra2 b5 13. Ne3 Bh5 14. Nf5 Ne7 15.
Ng3 Bg6 16. a5 d5 17. Nxe5 dxe4 18. Nxg6 Nxg6 19. dxe4 Qe7 20. Re1 Rad8 21. Qe2
Ne5 22. Nf5 Qe8 23. Ne3 Nd3 24. Rd1 Nxc1 25. Rxc1 Nxe4 26. Rac2 Qd7 27. h3 Rfe8
28. Ra1 Nxf2 29. Kxf2 Rxe3 30. Qxe3 Bxe3+ 31. Kxe3 Qd3+ 32. Kf2 Re8 33. Kg1 Qg3
34. Rf1 Re1 35. Rxe1 Qxe1+ 36. Kh2 Qb1 37. Re2 Qxb3 38. Re8+ Kh7 39. Ra8 Qe6
40. Ra7 Qf6 41. Kg1 Qxc3 42. Rxa6 Qxb4 43. Ra8 c5 44. a6 Qa4 45. a7 b4 46. Kf1
b3 47. Rb8 Qxa7 48. Rxb3 c4 49. Rb1 c3 50. Rc1 Qa3 51. Rc2 Qb2 0-1

[Event "DEM U12/U12w 2010"]
[Site "Oberhof GER"]
[Date "2010.05.28"]
[Round "9"]
[White "Brandl, Lea"]
[Black "Samietz, Jannick"]
[Result "0-1"]
[Termination "normal"]
[Board "30"]
[WhiteElo "1529"]
[BlackElo "1362"]
[PlyCount "54"]
[WhiteFideId "24693049"]
[BlackFideId "12918091"]
[EventCountry "GER"]
[EventRounds "11"]
[EventType "swiss"]
[EventDate "2010.05.22"]

1. d4 Nf6 2. c4 g6 3. Nc3 Bg7 4. e4 d6 5. Nf3 O-O 6. Be2 e5 7. d5 Nbd7 8. O-O
Ne8 9. Nd2 f5 10. b4 f4 11. Nb3 g5 12. c5 Ndf6 13. f3 h5 14. Bd2 Rf7 15. a4 Bf8
16. a5 Rg7 17. Be1 g4 18. Bh4 Be7 19. Rc1 Kh8 20. Na4 Nxd5 21. Bxe7 Nxe7 22.
cxd6 cxd6 23. Nac5 b6 24. Nd3 Ng8 25. Nxe5 g3 26. hxg3 fxg3 27. Nc6 Qh4 0-1

[Event "DEM U12/U12w 2010"]
[Site "Oberhof GER"]
[Date "2010.05.28"]
[Round "9"]
[White "Bykov, Ilya"]
[Black "Mierzwa, Robert"]
[Result "1-0"]
[Termination "normal"]
[Board "31"]
[WhiteElo "1477"]
[BlackElo "1345"]
[PlyCount "95"]
[WhiteFideId "12918059"]
[BlackFideId "12918113"]
[EventCountry "GER"]
[EventRounds "11"]
[EventType "swiss"]
[EventDate "2010.05.22"]

1. e4 e6 2. d4 d5 3. e5 c5 4. c3 Qb6 5. Nf3 Bd7 6. a4 Nc6 7. Be2 Nge7 8. dxc5
Qxc5 9. Be3 Qa5 10. O-O Nf5 11. Bd4 Be7 12. Nbd2 O-O 13. Nb3 Qc7 14. Rc1 Rac8
15. Re1 f6 16. exf6 Bxf6 17. Bxf6 Rxf6 18. c4 Qd6 19. cxd5 Qxd5 20. Qxd5 exd5
21. Nc5 Rc7 22. Nd3 Rc8 23. Nf4 d4 24. Bc4+ Kf8 25. Ne6+ Bxe6 26. Bxe6 Re8 27.
Bxf5 Rxf5 28. Red1 Rd5 29. h4 h6 30. Rd3 Re2 31. b3 Re7 32. Rcd1 Red7 33. g4 g6
34. Kg2 Kg7 35. Kg3 Kf6 36. Kf4 Ke6 37. Ke4 Kf6 38. Nxd4 Re5+ 39. Kf3 Red5 40.
g5+ hxg5 41. hxg5+ Ke5 42. Nxc6+ bxc6 43. Rxd5+ Rxd5 44. Rxd5+ Kxd5 45. Ke3 Ke5
46. b4 a6 47. a5 Kd5 48. f4 1-0

[Event "DEM U12/U12w 2010"]
[Site "Oberhof GER"]
[Date "2010.05.28"]
[Round "9"]
[White "Niemeyer, Maximilian"]
[Black "Gerken, Frieso"]
[Result "0-1"]
[Termination "normal"]
[Board "32"]
[WhiteElo "793"]
[BlackElo "1434"]
[PlyCount "78"]
[BlackFideId "1270505"]
[EventCountry "GER"]
[EventRounds "11"]
[EventType "swiss"]
[EventDate "2010.05.22"]

1. e4 e5 2. Nf3 Nc6 3. Bc4 Bc5 4. c3 Nf6 5. d4 exd4 6. e5 d5 7. Bb5 Ne4 8. cxd4
Bb4+ 9. Bd2 Bxd2+ 10. Nbxd2 O-O 11. Bxc6 bxc6 12. Qc2 Nxd2 13. Nxd2 Bd7 14. O-O
Qe7 15. Rab1 Rab8 16. Rfd1 Qb4 17. Nf3 g6 18. h3 Bf5 19. Qc1 Bxb1 20. Qh6 Qe7
21. Ng5 f6 22. exf6 Rxf6 23. Rxb1 Qg7 24. Qh4 h6 25. Nf3 g5 26. Qh5 Qg6 27. Qg4
Qxb1+ 28. Kh2 Qf5 29. Qg3 Qf4 30. Qxf4 Rxf4 31. b3 Rb5 32. g3 Rxf3 33. Kg2 Rd3
34. g4 Ra5 35. f3 Rxa2+ 36. Kg3 Rd1 37. h4 a5 38. hxg5 hxg5 39. f4 Rd3# 0-1

[Event "DEM U12/U12w 2010"]
[Site "Oberhof GER"]
[Date "2010.05.28"]
[Round "9"]
[White "Nobis, Anna"]
[Black "von Reppert, Marc"]
[Result "1-0"]
[Termination "normal"]
[Board "33"]
[WhiteElo "1428"]
[BlackElo "1321"]
[PlyCount "53"]
[WhiteFideId "1270302"]
[BlackFideId "12918130"]
[EventCountry "GER"]
[EventRounds "11"]
[EventType "swiss"]
[EventDate "2010.05.22"]

1. e4 e6 2. d4 d5 3. Nc3 Nf6 4. exd5 exd5 5. Bd3 c6 6. Nge2 Bg4 7. f3 Bh5 8.
Bg5 Be7 9. Bf4 Bg6 10. Qd2 Bxd3 11. Qxd3 O-O 12. O-O-O Bd6 13. g4 b5 14. Rde1
Re8 15. Be3 Qa5 16. Kb1 b4 17. Nd1 Qb6 18. h4 a5 19. h5 a4 20. g5 Nfd7 21. g6
fxg6 22. hxg6 h6 23. Qd2 Qa7 24. Bxh6 Re7 25. Bf4 Bxf4 26. Qxf4 b3 27. Qh4 1-0

[Event "DEM U12/U12w 2010"]
[Site "Oberhof GER"]
[Date "2010.05.28"]
[Round "9"]
[White "Weis, Olga"]
[Black "Borukhson, David"]
[Result "1/2-1/2"]
[Termination "normal"]
[Board "34"]
[WhiteElo "1153"]
[BlackElo "1414"]
[PlyCount "47"]
[WhiteFideId "1270234"]
[EventCountry "GER"]
[EventRounds "11"]
[EventType "swiss"]
[EventDate "2010.05.22"]

1. e4 c5 2. Nf3 e6 3. c4 Nc6 4. Nc3 a6 5. d4 cxd4 6. Nxd4 Nf6 7. f3 Qb6 8. Nxc6
bxc6 9. Bd3 e5 10. Qe2 Bb7 11. Be3 Bc5 12. Bxc5 Qxc5 13. Qf2 Qxf2+ 14. Kxf2 d5
15. Rad1 Rd8 16. Rhe1 d4 17. Na4 Nd7 18. b4 Ra8 19. Re2 Ke7 20. Red2 g6 21. Bc2
Rhe8 22. f4 f6 23. c5 a5 24. a3 1/2-1/2

[Event "DEM U12/U12w 2010"]
[Site "Oberhof GER"]
[Date "2010.05.28"]
[Round "9"]
[White "Gaßmann, Linda"]
[Black "Wendland, Tobias"]
[Result "1/2-1/2"]
[Termination "normal"]
[Board "35"]
[WhiteElo "1862"]
[BlackElo "1630"]
[PlyCount "38"]
[WhiteFideId "12900451"]
[BlackFideId "24662267"]
[EventCountry "GER"]
[EventRounds "11"]
[EventType "swiss"]
[EventDate "2010.05.22"]

1. e4 e6 2. d4 d5 3. exd5 exd5 4. Nf3 Bd6 5. Bd3 Nf6 6. Bg5 O-O 7. O-O Bg4 8.
Nbd2 Nbd7 9. c3 c6 10. Qc2 Qc7 11. Rfe1 Rae8 12. h3 Bh5 13. Nh4 Re6 14. Bf5
Rxe1+ 15. Rxe1 Bf4 16. Bxf4 Qxf4 17. Nhf3 Bg6 18. Bxg6 fxg6 19. Qd3 Qd6 1/2-1/2

[Event "DEM U12/U12w 2010"]
[Site "Oberhof GER"]
[Date "2010.05.28"]
[Round "9"]
[White "Gheng, Christian"]
[Black "Blösch, Christoph"]
[Result "1-0"]
[Termination "normal"]
[Board "36"]
[WhiteElo "1574"]
[BlackElo "1332"]
[PlyCount "33"]
[WhiteFideId "24660345"]
[BlackFideId "12918121"]
[EventCountry "GER"]
[EventRounds "11"]
[EventType "swiss"]
[EventDate "2010.05.22"]

1. e4 e5 2. Nf3 Nf6 3. d4 exd4 4. e5 Nd5 5. Qxd4 Nb6 6. Nc3 Nc6 7. Qe4 Bb4 8.
Bd3 Qe7 9. O-O d6 10. exd6 Bxd6 11. Qxe7+ Bxe7 12. Nb5 Bd6 13. Nxd6+ cxd6 14.
Bf4 d5 15. Rfe1+ Kf8 16. Bd6+ Kg8 17. Re8# 1-0

[Event "DEM U12/U12w 2010"]
[Site "Oberhof GER"]
[Date "2010.05.28"]
[Round "9"]
[White "Reksten, Anne"]
[Black "Schumann, Rabea"]
[Result "0-1"]
[Termination "normal"]
[Board "37"]
[WhiteElo "1383"]
[BlackElo "1140"]
[PlyCount "98"]
[WhiteFideId "24692778"]
[BlackFideId "12918199"]
[EventCountry "GER"]
[EventRounds "11"]
[EventType "swiss"]
[EventDate "2010.05.22"]

1. c4 e5 2. g3 Nf6 3. Bg2 c6 4. d4 exd4 5. Qxd4 Na6 6. Nc3 Bc5 7. Qe5+ Qe7 8.
Qxe7+ Bxe7 9. Nf3 O-O 10. O-O d6 11. Bf4 Bg4 12. Rad1 Rad8 13. Rd2 Rd7 14. Rfd1
Rfd8 15. h3 Bh5 16. Nd4 Bg6 17. h4 h6 18. Bh3 Rc7 19. Nb3 Ne8 20. e4 f6 21. c5
b6 22. cxd6 Nxd6 23. Bxd6 Bxd6 24. Rxd6 Rxd6 25. Rxd6 Kf8 26. Nd4 Nc5 27. b4
Nxe4 28. Nxe4 Bxe4 29. Ne6+ Ke7 30. Nxc7 Kxd6 31. Ne8+ Ke5 32. Nxg7 c5 33. bxc5
bxc5 34. Kf1 Kd4 35. Ke2 c4 36. Bg4 Kc3 37. Kd1 Kb2 38. Ke1 c3 39. Bd1 Bc2 40.
Ne6 Bxd1 41. Nd4 c2 42. Nxc2 Bxc2 43. f4 h5 44. Kf2 Kxa2 45. g4 hxg4 46. h5 a5
47. Kg3 a4 48. Kxg4 a3 49. h6 Bh7 0-1

[Event "DEM U12/U12w 2010"]
[Site "Oberhof GER"]
[Date "2010.05.28"]
[Round "9"]
[White "Böhm, Jana"]
[Black "Koch, Elisabeth"]
[Result "1/2-1/2"]
[Termination "normal"]
[Board "38"]
[WhiteElo "1298"]
[BlackElo "1370"]
[PlyCount "76"]
[WhiteFideId "24661589"]
[BlackFideId "24695068"]
[EventCountry "GER"]
[EventRounds "11"]
[EventType "swiss"]
[EventDate "2010.05.22"]

1. e4 e5 2. Nf3 Nc6 3. Bb5 a6 4. Ba4 Nf6 5. O-O Nxe4 6. d4 b5 7. Bb3 d5 8. dxe5
Be6 9. Be3 Bc5 10. Bxc5 Nxc5 11. Re1 O-O 12. Nc3 Nxb3 13. axb3 Ne7 14. Qd4 Nf5
15. Qd3 c5 16. Rad1 d4 17. Ne4 Qc7 18. Neg5 h6 19. g4 hxg5 20. gxf5 Bd5 21.
Nxg5 f6 22. exf6 Rxf6 23. c4 Qf4 24. Qg3 Qxg3+ 25. fxg3 Rxf5 26. cxd5 Rxg5 27.
d6 Rd5 28. Re6 Rd8 29. Rc1 Kf7 30. Re7+ Kf6 31. Rf1+ Rf5 32. Rf7+ Kxf7 33.
Rxf5+ Ke6 34. Rxc5 Rxd6 35. Kf2 Rd5 36. Rc6+ Rd6 37. Rc5 Kf6 38. Ke2 g5 1/2-1/2

[Event "DEM U12/U12w 2010"]
[Site "Oberhof GER"]
[Date "2010.05.28"]
[Round "9"]
[White "Pfreundt, Jakob"]
[Black "Müller, Max"]
[Result "1-0"]
[Termination "normal"]
[Board "39"]
[WhiteElo "1297"]
[BlackElo "1365"]
[PlyCount "43"]
[WhiteFideId "12918156"]
[BlackFideId "12900486"]
[EventCountry "GER"]
[EventRounds "11"]
[EventType "swiss"]
[EventDate "2010.05.22"]

1. d4 d5 2. c4 e6 3. Nc3 Nf6 4. Bg5 Be7 5. e3 O-O 6. Nf3 a6 7. Bd3 dxc4 8. Bxc4
b5 9. Bd3 Nbd7 10. O-O c5 11. b3 Bb7 12. Rc1 Rc8 13. Qe2 Nd5 14. Bxe7 Qxe7 15.
Ne4 Nb4 16. Bb1 e5 17. dxe5 Nxe5 18. Nfg5 h6 19. Qh5 Rc6 20. f4 hxg5 21. Nf6+
Rxf6 22. Qh7# 1-0

[Event "DEM U12/U12w 2010"]
[Site "Oberhof GER"]
[Date "2010.05.28"]
[Round "9"]
[White "Niggl, Michael"]
[Black "Trotzke, Johannes"]
[Result "0-1"]
[Termination "normal"]
[Board "40"]
[WhiteElo "1275"]
[BlackElo "1357"]
[PlyCount "62"]
[WhiteFideId "12918164"]
[BlackFideId "12918105"]
[EventCountry "GER"]
[EventRounds "11"]
[EventType "swiss"]
[EventDate "2010.05.22"]

1. c4 c6 2. Nc3 d5 3. cxd5 cxd5 4. d4 Nf6 5. Bf4 Nc6 6. e3 Bf5 7. Bb5 e6 8. Qa4
Qb6 9. Nf3 a6 10. Ne5 Rc8 11. Be2 Qxb2 12. O-O Qxc3 13. Rac1 Qb4 14. Qxb4 Bxb4
15. Ra1 Nxe5 16. Bxe5 Be7 17. Rfc1 Rxc1+ 18. Rxc1 O-O 19. Rc7 Ba3 20. Rxb7 a5
21. Ra7 Bb4 22. Bc7 Rc8 23. h3 h6 24. Bxa5 Bxa5 25. Rxa5 Rc1+ 26. Kh2 Rc2 27.
Bb5 Rxf2 28. a4 Be4 29. Kh1 Rxg2 30. Ra8+ Kh7 31. Rb8 Nh5 0-1

[Event "DEM U12/U12w 2010"]
[Site "Oberhof GER"]
[Date "2010.05.28"]
[Round "9"]
[White "Kluge, Leyla"]
[Black "Azizowa, Laura"]
[Result "1-0"]
[Termination "normal"]
[Board "41"]
[WhiteElo "1199"]
[BlackElo "1078"]
[PlyCount "79"]
[WhiteFideId "12918172"]
[EventCountry "GER"]
[EventRounds "11"]
[EventType "swiss"]
[EventDate "2010.05.22"]

1. c4 e6 2. Nc3 d5 3. cxd5 exd5 4. g3 Nf6 5. Bg2 Be7 6. d4 O-O 7. Nf3 Be6 8.
O-O Nc6 9. Re1 Bf5 10. a3 Qd7 11. Bf4 Rac8 12. Rc1 Bh3 13. Bh1 Rfe8 14. Be5 h6
15. Na4 b6 16. Qc2 Nd8 17. Bxc7 Rxc7 18. Qxc7 Qxa4 19. Qc3 Bd6 20. Qd3 Ne6 21.
Nd2 Qxd4 22. Qxd4 Nxd4 23. e3 Ne6 24. f3 Nc5 25. Re2 Nd3 26. Rb1 Bc5 27. Nf1
Bxf1 28. Kxf1 Bxe3 29. b4 g5 30. a4 h5 31. Ra1 Nxb4 32. Ra3 Bc1 33. Rxe8+ Nxe8
34. Rc3 Bd2 35. Rc8 Kf8 36. Ke2 Bf4 37. gxf4 gxf4 38. Bg2 Na2 39. Bh3 d4 40.
Bd7 1-0

[Event "DEM U12/U12w 2010"]
[Site "Oberhof GER"]
[Date "2010.05.28"]
[Round "9"]
[White "Buchberger, Tamara"]
[Black "Wanner, Lukas"]
[Result "1-0"]
[Termination "normal"]
[Board "43"]
[WhiteElo "1088"]
[BlackElo "1309"]
[PlyCount "135"]
[BlackFideId "12918148"]
[EventCountry "GER"]
[EventRounds "11"]
[EventType "swiss"]
[EventDate "2010.05.22"]

1. f4 d5 2. Nf3 Nf6 3. b3 Bf5 4. Bb2 e6 5. e3 Nc6 6. Bb5 a6 7. Bxc6+ bxc6 8. d3
c5 9. O-O Bd6 10. Nbd2 O-O 11. Ne5 Nd7 12. Ndf3 Nxe5 13. fxe5 Be7 14. Qe2 Bg4
15. h3 Bh5 16. Qf2 c6 17. Rad1 Rb8 18. c4 Qd7 19. Rd2 Rfc8 20. Qg3 Rb7 21. Bc3
Qc7 22. Ng5 h6 23. Nf3 Ra7 24. d4 a5 25. dxc5 Bxc5 26. Bd4 Bxd4 27. Nxd4 Qb7
28. a4 Qb4 29. Rc2 Bg6 30. Rcc1 Raa8 31. cxd5 cxd5 32. Kh2 Qe7 33. Nc6 Qd7 34.
Nd4 Rxc1 35. Rxc1 Rc8 36. Rf1 Rb8 37. h4 Bd3 38. Rf6 Kh8 39. Rf4 Rg8 40. Qf2
Bg6 41. g4 h5 42. gxh5 Bxh5 43. Qg3 Bg6 44. Qg5 Qd8 45. Qg4 Qd7 46. h5 Bh7 47.
Nb5 Qe7 48. Nd6 Rf8 49. h6 g6 50. Qf3 Bg8 51. Rf6 Kh7 52. Qh3 Rd8 53. Qf3 Rf8
54. Qf4 Kh8 55. Kg3 Bh7 56. Rxf7 Rxf7 57. Nxf7+ Kg8 58. Nd6 g5 59. Qf6 Qxf6 60.
exf6 Bc2 61. Kg4 e5 62. f7+ Kf8 63. Kxg5 d4 64. e4 d3 65. h7 Kg7 66. h8=Q+ Kxh8
67. f8=Q+ Kh7 68. Nf7 1-0

[Event "DEM U12/U12w 2010"]
[Site "Oberhof GER"]
[Date "2010.05.28"]
[Round "9"]
[White "Alsheimer, Lea"]
[Black "Kast, Larissa"]
[Result "1/2-1/2"]
[Termination "normal"]
[Board "44"]
[WhiteElo "1127"]
[BlackElo "1136"]
[PlyCount "54"]
[WhiteFideId "12918180"]
[BlackFideId "24699055"]
[EventCountry "GER"]
[EventRounds "11"]
[EventType "swiss"]
[EventDate "2010.05.22"]

1. d4 d5 2. Nf3 c6 3. e3 Bf5 4. c4 e6 5. b3 Nf6 6. Bb2 Be7 7. Be2 O-O 8. O-O
Nbd7 9. Nbd2 Qc7 10. h3 Rfe8 11. g4 Bg6 12. Ne5 Nxe5 13. dxe5 Nd7 14. f4 h6 15.
Qe1 Qd8 16. Nf3 Be4 17. Qf2 f6 18. Nh4 fxe5 19. Ng2 exf4 20. exf4 Rf8 21. Bf3
Bc5 22. Bd4 Bxf3 23. Bxc5 Bxg2 24. Kxg2 Nxc5 25. Qxc5 Qb6 26. Qxb6 axb6 27.
cxd5 exd5 1/2-1/2

[Event "DEM U12/U12w 2010"]
[Site "Oberhof GER"]
[Date "2010.05.28"]
[Round "9"]
[White "Sherif, Amina"]
[Black "Holle, Niklas"]
[Result "1-0"]
[Termination "normal"]
[Board "45"]
[WhiteElo "1081"]
[BlackElo "1024"]
[PlyCount "57"]
[WhiteFideId "12911690"]
[EventCountry "GER"]
[EventRounds "11"]
[EventType "swiss"]
[EventDate "2010.05.22"]

1. e4 e5 2. Nf3 Nc6 3. Bc4 Nf6 4. Ng5 Nxe4 5. Bxf7+ Ke7 6. d4 Nxd4 7. Nxe4 Kxf7
8. Qh5+ g6 9. Qd1 h6 10. c3 Nc6 11. O-O d5 12. Ng3 Be6 13. Nd2 Bd6 14. Nb3 Qf6
15. Be3 Rag8 16. Qd2 h5 17. Bg5 Qg7 18. Rae1 h4 19. Ne2 h3 20. g3 Ke8 21. Qe3
Qf7 22. Rd1 b6 23. f4 d4 24. cxd4 Bxb3 25. fxe5 Qf5 26. exd6+ Kd7 27. Nf4 Qxg5
28. Qxb3 Kxd6 29. Qe6# 1-0

[Event "DEM U12/U12w 2010"]
[Site "Oberhof GER"]
[Date "2010.05.28"]
[Round "9"]
[White "Sadjjadi, Anahita"]
[Black "Silber, Stefanie"]
[Result "1-0"]
[Termination "normal"]
[Board "46"]
[WhiteElo "1016"]
[BlackElo "847"]
[PlyCount "131"]
[BlackFideId "12918245"]
[EventCountry "GER"]
[EventRounds "11"]
[EventType "swiss"]
[EventDate "2010.05.22"]

1. e4 c6 2. Nc3 d5 3. Nf3 e6 4. Be2 Ne7 5. O-O g6 6. d3 h6 7. Bf4 Bg7 8. Qd2
Nd7 9. e5 b5 10. b4 Ba6 11. d4 Qb6 12. Bd3 O-O-O 13. a4 Kb8 14. a5 Qb7 15. Ne2
h5 16. Ng5 Rdf8 17. c3 Bh6 18. h3 h4 19. Qe3 Ka8 20. g3 hxg3 21. Qxg3 Nf5 22.
Bxf5 gxf5 23. Qh2 Rhg8 24. h4 Qc7 25. Kh1 Bxg5 26. Bxg5 f6 27. Bxf6 Nxf6 28.
exf6 Qxh2+ 29. Kxh2 Rxf6 30. Rg1 Rxg1 31. Rxg1 Kb8 32. h5 Kc8 33. Rg6 Rf7 34.
h6 Kd8 35. Rg7 Rf6 36. h7 Rh6+ 37. Kg3 Ke8 38. Rg8+ Kf7 39. h8=Q Rxh8 40. Rxh8
Ke7 41. Rh7+ Kd6 42. Rxa7 Bc8 43. a6 e5 44. Kf3 e4+ 45. Kf4 Bxa6 46. Rxa6 Kc7
47. Kxf5 Kb7 48. Ra5 e3 49. fxe3 Kb6 50. e4 dxe4 51. Kxe4 Kb7 52. d5 cxd5+ 53.
Kxd5 Kb6 54. c4 bxc4 55. Kxc4 Kb7 56. Rh5 Kc6 57. Rh6+ Kd7 58. Kc5 Ke7 59. Ra6
Kd7 60. b5 Kc7 61. Ra7+ Kb8 62. Rh7 Kc8 63. Kd6 Kb8 64. Kc6 Ka8 65. Kb6 Kb8 66.
Rh8# 1-0

[Event "DEM U12/U12w 2010"]
[Site "Oberhof GER"]
[Date "2010.05.28"]
[Round "9"]
[White "Lamottke, Svenja"]
[Black "Schmid, Katharina"]
[Result "1/2-1/2"]
[Termination "normal"]
[Board "47"]
[WhiteElo "963"]
[BlackElo "1056"]
[PlyCount "36"]
[WhiteFideId "12918229"]
[BlackFideId "12918210"]
[EventCountry "GER"]
[EventRounds "11"]
[EventType "swiss"]
[EventDate "2010.05.22"]

1. e4 e5 2. Nf3 Nc6 3. Bc4 Bc5 4. Nc3 Nf6 5. d3 O-O 6. Bg5 Be7 7. O-O d6 8. Re1
Ng4 9. Qd2 Nd4 10. Nxd4 Bxg5 11. Qe2 exd4 12. Nb1 Be6 13. Bxe6 fxe6 14. Qxg4
Qf6 15. Re2 Rf7 16. Nd2 Raf8 17. Rf1 Bf4 18. Nf3 Re7 1/2-1/2